Heterodoxia I (Registo nº 202871)

Detalhes MARC
000 -Etiqueta do registo
Valores 007130000a22002170004500
021 ## - Número do Depósito Legal
Código do país Portugal
100 ## - Dados gerais de processamento
Dados gerais 20220331 frey50
200 ## - Titulo e menção de responsabilidade
Título próprio Heterodoxia I
Primeira menção de responsabilidade Eduardo Lourenço
205 ## - Menção da edição
Edição
210 ## - Publicação
Local de publicação Coimbra
Data de publicação 1949
Nome do editor [s.n.]
215 ## - Descrição física 
Paginação / Volumes vol.1 (193 p.)
Outras indicações físicas brochado
Dimensões 21 cm
300 ## - Notas gerais 
Texto da nota Contém dedicatória na folha de guarda
304 ## - Nota relativa ao título
Texto de nota Europa ou o diálogo que nos falta da permanência no mundo do espírito o segredo de Hegel ou o equívoco da dialéctica
606 ## - Nome comum usado como assunto
Palavra de ordem Crítica Literária.Estudos Literários
ID Autoridade 3661
675 ## - CDU
Notação 82.09
Língua PT
Edição por
700 ## - Autor principal (pessoa individual)
Apelido Lourenço
ID Autoridade 1041
Nome Eduardo
Datas 1923-2020
801 ## - Fonte de origem
País PT
Agência BMMN
Regras de catalogação RPC
830 ## - Notas gerais do catalogador
Criado por Ana
Indexado por Ana
990 ## - Elementos KOHA
Tipo de documento Livro
Exemplares
Situação do levantamento Biblioteca de origem Código de barras Cota Permissão de empréstimo Tipo de documento Nota relativa ao exemplar Forma de aquisição
  Biblioteca Municipal de Montemor-o-Novo 32394 82.09 SAF|SAF   Livro Acesso Condicionado Oferta

Powered by Koha